Kentucky True or False? - Statistics

General Stats
  • This quiz has been taken 56 times
  • The average score is 9 of 15
Answer Stats
Question Answer % Correct
Johnny Depp is a Kentucky native True
92%
Kentucky's capital is Frankfort True
83%
NFL Quarterback Tim Couch went to the University of Kentucky True
75%
Kentucky ties for bordering the most other states at 8 False
67%
Most of the world's Post-It notes are made in Kentucky True
67%
The Ryder Cup has been hosted in Kentucky True
67%
For the drink to be labeled as Bourbon, it must be made in Kentucky False
58%
Kentucky has no lighthouses False
58%
Kentucky has voted Republican in every Presidential election since 1980 False
58%
The Cincinnati airport is actually located in Kentucky True
58%
Both Abraham Lincoln and Jefferson Davis were from Kentucky True
58%
Kentucky was part of the Confederacy False
50%
Kentucky's largest industry is coal False
50%
Bowling Green is home to the National Camaro Museum False
42%
Kentucky has the second most miles of running fresh water of any state True
42%
No matching quizzes found
Score Distribution
Percent of People with Each Score
Percentile by Number Answered
Your Score History
You have not taken this quiz